Les plus grandes villes du bassin du Danube sur une carte - Statistiques

Statistiques générales
  • Ce quiz a été pris 669 fois
  • Le résultat moyen est 12 sur 20
Réponses sur la Carte
Les réponses sont colorées sur une échelle allant du rouge au vert en fonction du pourcentage des utilisateurs qui les ont devinées à leur premier essai. Vous pouvez retrouver ces pourcentages ci-dessous.
 
Statistiques - réponses
Population Pays Ville % Correct
1 682 426 Hongrie Budapest
100%
1 982 097 Autriche Vienne
100%
1 716 961 Roumanie Bucarest
99%
1 487 708 Allemagne Munich
96%
663 592 Croatie Zagreb
96%
1 197 714 Serbie Belgrade
94%
348 363 Bosnie-Herzégovine Sarajevo
93%
476 922 Slovaquie Bratislava
92%
284 293 Slovénie Ljubljana
92%
298 479 Autriche Graz
58%
398 510 Tchéquie Brno
57%
286 598 Roumanie Cluj-Napoca
54%
260 438 Serbie Novi Sad
38%
296 478 Allemagne Augsbourg
33%
250 849 Roumanie Timisoara
33%
226 212 Slovaquie Kosice
30%
271 692 Roumanie Iasi
26%
237 589 Roumanie Brasov
23%
234 140 Roumanie Craiova
18%
217 851 Roumanie Galati
16%
Aucun quiz correspondant
Distribution des résultats
% des personnes avec chaque résultat
Percentile par nombre de réponses
Votre historique - résultats
Vous n’avez pas pris ce quiz